LEADER 01397nam1 2200313 450 001 000007998 005 20070913115154.0 010 $a88-14-07107-1$bv. 1 010 $a88-14-08439-4$bv. 2 100 $a20070625d1998----km-y0itay50------ba 101 0 $aita 102 $aIT 105 $ay-------001yy 200 1 $a<>diritto del lavoro dell'Unione europea$fGianni Arrigo 210 $aMilano$cGiuffrè$d1998-2001 215 $a2 v.$d24 cm 327 0 $a1: Principi, fonti, libera circolazione e sicurezza sociale dei lavoratori$a2: Parità uomo-donna, ristrutturazioni e crisi d'impresa, salute e sicurezza dei lavoratori, orario di lavoro, formazione professionale, lavori atipici, partecipazione dei lavoratori 517 1 $aPrincipi, fonti, libera circolazione e sicurezza sociale dei lavoratori 517 1 $aParita uomo-donna, ristrutturazioni e crisi d'impresa, salute e sicurezza dei lavoratori, orario di lavoro, formazione professionale, lavori atipici, partecipazione dei lavoratori 610 1 $aDiritto del lavoro - Unione europea 676 $a344.401$v20 676 $a341.763$v20 700 1$aArrigo,$bGianni$0120433 801 0$aIT$bUNIPARTHENOPE$c20070625$gRICA$2UNIMARC 912 $a000007998 951 $aH0004$b034474$cNAVA3$d20070625 951 $aH0076$b034974$cNAVA3$d20070913 996 $aDiritto del lavoro dell'Unione europea$966690 997 $aUNIPARTHENOPE LEADER 02050oam 2200553 450 001 9910706877203321 005 20180215111605.0 035 $a(CKB)5470000002458693 035 $a(OCoLC)896810371 035 $a(OCoLC)995470000002458693 035 $a(EXLCZ)995470000002458693 100 $a20141123d1974 ua 0 101 0 $aeng 135 $aurmn||||||||| 181 $ctxt$2rdacontent 182 $cc$2rdamedia 183 $acr$2rdacarrier 200 10$aGeology of the Betterton quadrangle, Kent County, Maryland, and a discussion of the regional stratigraphy /$fby James P. Minard 210 1$aWashington :$cUnited States Department of the Interior, Geological Survey,$d1974. 215 $a1 online resource (iii, 27 pages) $cillustrations, maps +$e1 plate 225 1 $aGeological Survey professional paper ;$v816 300 $aTitle from title screen (viewed October 2, 2014). 300 $a"A description of Coastal Plain formations and a regional correlation with equivalent units to the northeast in Delaware and New Jersey." 320 $aIncludes bibliographical references (pages 26-27). 606 $aGeology$zMaryland$zKent County 606 $aGeology$zAtlantic States 606 $aGeology, Stratigraphic$yTertiary 606 $aGeology$2fast 606 $aGeology, Stratigraphic$2fast 606 $aTertiary Geologic Period$2fast 607 $aMaryland$zKent County$2fast 607 $aUnited States$zAtlantic States$2fast 615 0$aGeology 615 0$aGeology 615 0$aGeology, Stratigraphic 615 7$aGeology. 615 7$aGeology, Stratigraphic. 615 7$aTertiary Geologic Period. 700 $aMinard$b James P.$01386925 712 02$aGeological Survey (U.S.), 801 0$bCOP 801 1$bCOP 801 2$bOCLCO 801 2$bOCLCF 801 2$bGPO 906 $aBOOK 912 $a9910706877203321 996 $aGeology of the Betterton quadrangle, Kent County, Maryland, and a discussion of the regional stratigraphy$93513928 997 $aUNINA